| 000 | 00000nam 2200000za 4500 |
| 001 | 9.629731 |
| 003 | CaOODSP |
| 005 | 20240527135428 |
| 007 | cr ||||||||||| |
| 008 | 150407|2014||||quc|||||o f|0| 0 eng d |
| 020 | |a978-1-100-25140-0 |
| 040 | |aCaOODSP|beng |
| 043 | |an-cn--- |
| 086 | 1 |aCW66-502/2014E-PDF |
| 245 | 00|aBradwell National Wildlife Area management plan |h[electronic resource]. |
| 260 | |aGatineau, Québec : |bEnvironment Canada, |c2014. |
| 300 | |avi, 42 p. : |btables, maps, photo. |
| 500 | |aIssued also in French under title : Paln de gestion de la réserve nationale de faune de Bradwell. |
| 504 | |aIncludes bibliographic references. |
| 690 | 07|aConservation areas|2gcpds |
| 710 | 2 |aCanadian Wildlife Service. |
| 775 | 08|tPlan de gestion de la réserve nationale de faune de Bradwell |w(CaOODSP)9.677325 |
| 856 | 40|qPDF|s1.77 MB|uhttps://publications.gc.ca/collections/collection_2016/eccc/CW66-502-2014-eng.pdf |